Afterglow lyrics - Statistics

General Stats
  • This quiz has been taken 305 times
  • The average score is 325 of 380
Answer Stats
Lyrics % Correct
a
98%
I
98%
in
97%
the
97%
you
97%
afterglow
96%
me
96%
me,
96%
your
96%
do
95%
do,
95%
it
95%
It's
95%
it's
95%
my
95%
no
95%
Meet
93%
all
92%
don't
92%
on
92%
when
92%
head
91%
I'm
91%
to
91%
you're
91%
go
90%
hey
90%
be
89%
need
89%
say,
89%
say
89%
so
89%
that
89%
but
88%
not
88%
who
88%
just
87%
Just
87%
lose,
87%
lose
87%
one
87%
down,
86%
Tell
86%
this
86%
This
86%
wanna
86%
break
83%
with
83%
even
82%
now
82%
an
81%
blue
80%
fault
80%
fine
80%
mind
80%
of
80%
sorry
80%
Sorry
80%
things
80%
'til
80%
us
80%
what
80%
heart
79%
out
79%
and
78%
hurt
78%
love
78%
blew
77%
burned
77%
is
77%
mine
77%
want
77%
meant
76%
proportion,
75%
we'll
75%
didn't
74%
back,
72%
still
72%
fight,
71%
for
71%
oh
70%
face,
69%
have
69%
much?
69%
behind
68%
had
68%
Put
68%
something
68%
Fighting
65%
reason
65%
see
65%
true
65%
attack,
64%
hands
64%
up,
64%
up
64%
gloves
63%
Why'd
63%
blame,
62%
jail
62%
let
62%
like
62%
Thought
62%
boxing
61%
there's
61%
walk
57%
away,
56%
silence
56%
island,
55%
worth
54%
punished
52%
low
51%
blows
50%
crying
50%
light
48%
pinned
48%
Chemistry
47%
excruciating
47%
morning
47%
off
45%
ultraviolet
45%
lived
44%
tells
44%
Went
43%
lift
41%
below
38%
sirens,
38%
No matching quizzes found
Score Distribution
Percent of People with Each Score
Percentile by Number Answered
Your Score History
You have not taken this quiz